|
|
|
|
| LEADER |
00558nam a22001577a 4500 |
| 008 |
191023b ||||| |||| 00| 0 eng d |
| 999 |
|
|
|c 344164
|d 344164
|
| 020 |
|
|
|a 019562209X
|
| 082 |
|
|
|a 305.9630954
|
| 100 |
|
|
|a Crooke,William
|
| 245 |
|
|
|a A Glossary of North Indian Peasant Life/
|c William Crooke
|
| 260 |
|
|
|a Delhi:
|b Oxford University Press,
|c 1989.
|
| 300 |
|
|
|b 290p.
|
| 700 |
|
|
|a Amin,Shahid
|e Editor
|
| 942 |
|
|
|c BK
|
| 952 |
|
|
|0 0
|1 0
|2 ddc
|4 0
|6 305_963095400000000
|7 0
|9 395708
|a SDE
|b SDE
|c ST1
|d 2019-10-23
|g 250.00
|i SDE672
|l 0
|o 305.9630954
|p SDE672
|r 2019-10-23
|w 2019-10-23
|y BK
|